| 000 | 01284cam a2200277 4500 | ||
|---|---|---|---|
| 001 | ABS65073 | ||
| 008 | 020206n2002 000 0 eng u | ||
| 035 | _a(Sirsi) u116621 | ||
| 100 | _aBarrie, G | ||
| 245 | _aSpecial report: public property | ||
| 260 | _c2002 | ||
| 490 |
_aProperty Week _v67(1) 11 January 2002, 44-50(6) |
||
| 520 | _aA special report on the use of public property. Deals with the Greenwich Peninsula and the Dome site which has been bought by Quintain and the plans for the development of this site. Looks at the ways local authorities are managing their property assets by following private corporation behaviour after being told to manage their property assets more effectively. Quotes Newcastle City Council as an example. Finally considers the use of American-style business improvement districts (BIDs) to reverse the decline of town centres. Concludes that the future of BIDs so far is looking promising. | ||
| 590 | _aABS | ||
| 650 | _aDOME | ||
| 650 | _aNORTH GREENWICH | ||
| 650 | _aDEVELOPMENT | ||
| 650 | _aBUSINESS IMPROVEMENT DISTRICTS | ||
| 650 | _aPUBLIC PROPERTY | ||
| 650 | _aLOCAL AUTHORITIES | ||
| 650 | _aPROPERTY ASSETS | ||
| 650 | _aASSET MANAGEMENT | ||
| 650 | _aTOWN CENTRES | ||
| 690 | _aREGENERATION | ||
| 942 | _n0 | ||
| 999 |
_c69443 _d69443 |
||